000 00637cam a22002293a 4500
001 12309
003 PGUSA
005 20140828083247.0
008 040501s2004||||xxu|||||s|||||000 | eng d
040 _aPGUSA
_beng
042 _adc
050 4 _aD
100 1 _aHall, Thornton,
_d1858-
245 1 0 _aLove affairs of the Courts of Europe
_h[electronic resource] /
_cThornton Hall
260 _bProject Gutenberg,
_c2004
506 _aPublic domain in the USA.
516 _aElectronic text
653 _aCourts and courtiers
830 0 _aProject Gutenberg
_v12309
856 4 0 _uhttp://www.gutenberg.org/ebooks/12309
942 _cEB
999 _c241564
_d241564